<?xml version="1.0" encoding="UTF-8"?>
<record
    xmlns:xsi="http://www.w3.org/2001/XMLSchema-instance"
    xsi:schemaLocation="http://www.loc.gov/MARC21/slim http://www.loc.gov/standards/marcxml/schema/MARC21slim.xsd"
    xmlns="http://www.loc.gov/MARC21/slim">

  <leader>00635nam a2200205 a 4500</leader>
  <controlfield tag="003">DO-SdBNP</controlfield>
  <controlfield tag="005">20240520193432.0</controlfield>
  <controlfield tag="007">ta</controlfield>
  <controlfield tag="008">211015e        dr ac||fr|||| 001 0 spa d</controlfield>
  <datafield tag="040" ind1=" " ind2=" ">
    <subfield code="a">DO-SdBNP</subfield>
    <subfield code="b">spa</subfield>
    <subfield code="c">BNPHU</subfield>
  </datafield>
  <datafield tag="082" ind1=" " ind2="4">
    <subfield code="2">22</subfield>
    <subfield code="b">F385v</subfield>
  </datafield>
  <datafield tag="100" ind1="1" ind2=" ">
    <subfield code="9">46022</subfield>
    <subfield code="a">Ferreras, Ram&#xF3;n Alberto,</subfield>
    <subfield code="d">1930-1993</subfield>
  </datafield>
  <datafield tag="245" ind1="1" ind2="0">
    <subfield code="a">V&#xED;as f&#xE9;rreas: </subfield>
    <subfield code="b">alternativa futura / </subfield>
    <subfield code="c"> Ram&#xF3;n  Alberto Ferreras.</subfield>
  </datafield>
  <datafield tag="260" ind1=" " ind2=" ">
    <subfield code="a">Santo Domingo :</subfield>
    <subfield code="b">Nordeste, </subfield>
    <subfield code="c">1983.</subfield>
  </datafield>
  <datafield tag="300" ind1=" " ind2=" ">
    <subfield code="a">358 p. :</subfield>
    <subfield code="b"> ill. ;</subfield>
    <subfield code="c"> 21 cm.</subfield>
  </datafield>
  <datafield tag="590" ind1=" " ind2=" ">
    <subfield code="a">Inventariado 2021 / MF</subfield>
  </datafield>
  <datafield tag="650" ind1=" " ind2="0">
    <subfield code="a">Ferrocarriles</subfield>
    <subfield code="9">1458</subfield>
  </datafield>
  <datafield tag="650" ind1=" " ind2="0">
    <subfield code="a">Ferrocarriles</subfield>
    <subfield code="x">Rep&#xFA;blica Dominicana</subfield>
    <subfield code="9">80242</subfield>
  </datafield>
  <datafield tag="942" ind1=" " ind2=" ">
    <subfield code="2">ddc</subfield>
    <subfield code="c">LBS1</subfield>
  </datafield>
  <datafield tag="952" ind1=" " ind2=" ">
    <subfield code="0">0</subfield>
    <subfield code="1">0</subfield>
    <subfield code="2">ddc</subfield>
    <subfield code="5">1</subfield>
    <subfield code="7">0</subfield>
    <subfield code="8">PD</subfield>
    <subfield code="a">BNPHU</subfield>
    <subfield code="b">PD</subfield>
    <subfield code="c">HD</subfield>
    <subfield code="d">2016-10-15</subfield>
    <subfield code="e">Donado por Feliz Manuel Tome</subfield>
    <subfield code="l">0</subfield>
    <subfield code="o">F385v</subfield>
    <subfield code="p">2021-27412</subfield>
    <subfield code="r">2021-10-15</subfield>
    <subfield code="w">2021-10-15</subfield>
    <subfield code="y">LFPD</subfield>
    <subfield code="z">Ejemplar autografiado</subfield>
  </datafield>
  <datafield tag="999" ind1=" " ind2=" ">
    <subfield code="c">50762</subfield>
    <subfield code="d">50762</subfield>
  </datafield>
</record>
